Angers SCO - Tous les joueurs (2010-2020) - Statistiques

Statistiques générales
  • Ce quiz a été pris 75 fois
  • Le résultat moyen est 28 sur 125
Statistiques - réponses
Saisons Nationalité Joueur Nb de matchs % Correct
2015-2020 Côte d'Ivoire Ismaël Traoré 150
86%
2014-2016 Mali Kalifa Traoré 11
86%
2015-2020 France Pierrick Capelle 138
83%
2013-2020 France Romain Thomas 225
81%
2014-2016, 2017-2020 France Ludovic Butelle 134
80%
2010-2020 France Vincent Manceau 289
78%
2012-2015 Maroc Sofiane Boufal 46
76%
2014-2015, 2016-2017 Côte d'Ivoire Nicolas Pépé 40
73%
2014-2020 France Thomas Mangani 170
73%
2012-2018 France Alexandre Letellier 47
69%
2016-2017 Côte d'Ivoire Jonathan Bamba 16
68%
2015-2017, 2018-2019 Sénégal Cheikh N'Doye 92
66%
2016-2018 Cameroun Karl Toko Ekambi 68
64%
2018-2020 Algérie Farid El Melali 26
54%
2015-2018 Laos Billy Ketkeophomphone 53
51%
2016-2020 France Baptiste Santamaria 134
49%
2016-2020 Croatie Mateo Pavlovic 77
47%
2016-2019 France Flavien Tait 78
42%
2010-2014 France Grégory Malicki 130
42%
2017-2020 France Jeff Reine-Adélaïde 46
42%
2010-2016 France Charles Diers 169
41%
2016-2017 Sénégal Famara Diédhiou 31
41%
2018-2020 Algérie Rayan Aït-Nouri 20
41%
2015-2016 Maroc Romain Saïss 35
41%
2018-2020 Cameroun Stéphane Bahoken 52
41%
2010-2013 Roumanie Claudiu Keseru 100
39%
2017-2020 France Angelo Fulgini 80
37%
2019-2020 Tchad Casimir Ninga 16
37%
2010-2016 France Olivier Auriac 153
37%
2015-2019 France Yoann Andreu 71
37%
2014-2016 Guinée Abdoul Camara 44
34%
2015-2017 Slovénie Denis Petric 11
34%
2019-2020 Portugal Mathias Pereira Lage 25
34%
2019-2020 Monténégro Danijel Petkovic 2
32%
2010-2016 Argentine Diego Gomez 86
32%
2014-2015 Côte d'Ivoire Jonathan Kodjia 28
29%
2016-2018 France Mathieu Michel 30
29%
2017-2018 Sénégal Saliou Ciss 3
29%
2017-2018 Côte d'Ivoire Thomas Touré 7
29%
2017-2018 Belgique Baptiste Guillaume 16
27%
2015-2018 Togo Gilles Sunu 75
25%
2014-2016 Cameroun Guy N'Gosso 14
25%
2014-2015 France Sacha Clémence 28
24%
2011-2016 Congo Arnold Bouka Moutou 93
22%
2010-2013, 2015-2016 France Férébory Doré 117
22%
2017-2018 Mali Lassana Coulibaly 19
22%
2013-2014, 2015-2016 Guinée Mohamed Yattara 49
22%
2012-2015 Brésil Pessalli 29
22%
2019-2020 Sénégal Sada Thioub 23
22%
2013-2016 France Gaël Angoula 60
20%
2012-2013 Guinée Ibrahima Diallo 30
20%
2015-2016 France Slimane Sissoko 13
20%
2010-2012 France Gaëtan Charbonnier 64
19%
2014-2015 Haïti Jean-Jacques Pierre 15
19%
2017-2018 France Enzo Crivelli 15
17%
2019-2020 Maroc Rachid Alioui 28
17%
2015-2016 Algérie Saïd Benrahma 12
17%
2019-2020 Côte d'Ivoire Souleyman Doumbia 5
17%
2019-2020 France Antonin Bobichon 11
15%
2018-2019 Espagne Cristian Lopez 19
15%
2010-2013 France Martin Fall 82
15%
2016-2017 France Grégory Bourillon 13
14%
2016-2017 France Kévin Bérigaud 13
14%
2017-2018 Congo Prince Oniangué 14
14%
2017-2020 Côte d'Ivoire Wilfried Kanga 31
14%
2014-2015 France Yohann Eudeline 28
14%
2019-2020 France Zinedine Ould Khaled 1
14%
2015-2016 Suisse Goran Karanovic 12
12%
2013-2015 Tunisie Khaled Ayari 56
12%
2013-2015 Tunisie Mohamed Slim Ben Othman 15
12%
2011-2015 Maroc Rayan Frikeche 98
12%
2016-2017 RD Congo Yoane Wissa 2
12%
2015-2016 Tunisie Aïssa Laïdouni 1
10%
2011-2013, 2015-2016 Cameroun Jean-Pierre Nsamé 23
10%
2010-2013 France Malik Couturier 82
10%
2015-2016 France Mathias Serin 1
10%
2018-2019 France Zacharie Boucher 2
10%
2017-2018 France Loïc Puyo 9
8%
2016-2018 Algérie Mehdi Tahrat 14
8%
2018-2020 France Vincent Pajot 19
8%
2012-2014 Maroc Alharbi El Jadeyaoui 42
7%
2013-2015 Mali Ismaël Keita 47
7%
2016-2017 Tunisie Jamel Saihi 5
7%
2010-2014 France Jérémy Hénin 86
7%
2010-2012 Algérie Karim Djellabi 62
7%
2013-2014 France Ludovic Gamboa 28
7%
2014-2015 France Axel Ngando 19
5%
2016-2017 France Pablo Martinez 9
5%
2012-2014 France Richard Socrier 45
5%
2010-2011 France Sébastien Renouard 20
5%
2016-2017 Nigeria Dickson Nwakaeme 6
3%
2013-2014 Mali Djibril Konaté 30
3%
2018-2019 Sénégal Elhadji Diaw 1
3%
2012-2014 Madagascar Fabien Boyer 32
3%
2018-2019 RD Congo Harrison Manzala 8
3%
2010-2011 Sénégal Henri Saivet 18
3%
2010-2012 France Jérôme Hiaumet 17
3%
2014-2015 France Loïc Guillon 15
3%
2010-2012 France Nicolas Gillet 26
3%
2018-2020 France Théo Pellenard 14
3%
2011-2012, 2013-2014 Maroc Bilel El Hamzaoui 5
2%
2010-2012 France David de Freitas 59
2%
2010-2011 France David Leray 4
2%
2010-2011 France Emmanuel Bourgaud 7
2%
2013-2014 RD Congo Gabriel Mutombo 1
2%
2019-2020 France Ibrahim Cissé 1
2%
2013-2015 France Jérémy Blayac 42
2%
2010-2011 France Loris Arnaud 21
2%
2012-2013 Côte d'Ivoire Marco Zoro 32
2%
2013-2014 Sénegal Pape Macou Sarr 1
2%
2011-2013 France Pierre Lemaire 11
2%
2010-2012 France Anthony Ouasfane 9
0%
2012-2013 France Derek Decamps 3
0%
2011-2012 Mali Hamady Tamboura 5
0%
2011-2012 France Ludovic Delporte 13
0%
2010-2013 France Maxime Rousseau 21
0%
2010-2011 France Mickaël Stéphan 16
0%
2011-2012 France Nabil Ouarguini 6
0%
2010-2012 France Nicolas Florentin 9
0%
2010-2011 France Pierre-Henri Lamy 3
0%
2011-2012 Guinée Richard Soumah 15
0%
2010-2012 France Stevie Riga 12
0%
2011-2013 France Yannis Dogo 3
0%
2012-2013 France Yoric Ravet 29
0%
2010-2012 France Yves Deroff 34
0%
Aucun quiz correspondant
Distribution des résultats
% des personnes avec chaque résultat
Percentile par nombre de réponses
Votre historique - résultats
Vous n’avez pas pris ce quiz